000 00293nam a2200121Ia 4500
008 231129s1975||||xx |||||||||||||| ||spa||
082 _aHAJ- 0362
100 _aLowie Robert H.
245 0 _aHistoria de la etnologí­a
260 _c1975
264 _aMéxico: Melo 1975
942 _2ddc
_cBKS
999 _c15113
_d15113